000 00683nam a2200217 i 4500
001 105815
003 ES-MaACL
007 t|
008 060830s1949 it ||||1| ita d
080 _a821.131.1-31"19"
100 1 _aSilone, Ignazio.
_9106355
245 1 0 _aFontamara
_b: romanzo /
_cdi Ignazio Silone.
260 _a[S.l.] :
_bArnoldo Mondadori,
_c1949.
300 _a197 p. ;
_c20 cm.
490 1 _aLa medusa degli italiani ;
_v20
500 _aBiblioteca Juan Andrade.
830 0 _aLa medusa degli italiani ;
_v20
_9226651
852 _aES-MaACL
_jAND-637
_bR.109935
_q. - Ded. autógr. del autor
852 _aES-MaACL
_jD-5514
_bR.29910
999 _c105815
_d105815